| 000 | 004800000a22001930004500 | ||
|---|---|---|---|
| 001 | 002428 | ||
| 003 | MACL | ||
| 005 | 20151023153537.0 | ||
| 008 | 151023b xxu||||| |||| 00| 0 eng d | ||
| 040 |
_aMACL _cMACL |
||
| 041 | _aEnglish | ||
| 082 | _a934/VAI | ||
| 100 |
_aVaikuntham, Y. _9618 |
||
| 245 |
_aParadigms In Indian History _cY. Vaikuntham |
||
| 260 |
_aHyderabad _c2003 _bFelicitation committee, |
||
| 350 | _a500 | ||
| 650 |
_aHistory _916505 |
||
| 942 |
_k934 _cBK _2ddc |
||
| 999 |
_c14340 _d14340 |
||